000 00733nam a2200265Ia 4500
005 20260121171727.0
008 008 260114s9999 xx 000 0 eng d
020 _a9783030392406
037 _aEBOOK
040 _aCRL
040 _beng
040 _cCRL
041 _2eng
041 _aeng
084 _qCRL
100 _aAndrzej K. Ko?mi?ski, Adam Noga, Katarzyna Piotrowska, Krzysztof Zagórski
_91079740
245 4 _aThe Balanced Development Index for Europe’s OECD Countries, 1999–2017
260 _bSpringer
260 _bSpringer
260 _c2020
856 _uhttps://link.springer.com/openurl?genre=book&isbn=978-3-030-39240-6
942 _cEBOOK
999 _c1645472
_d1645472